Zwycięzcy piłkarskich Mistrzostw Świata i Europy - Statystyki

Ogólne statystyki
  • Ten quiz został rozwiązany 335 razy
    154 od ostatniego zresetowania
  • Średni wynik to 38 z 39
Statystyki odpowiedzi
Mistrzostwa Rok Gospodarze Ilość wygranych Zwycięzca % Poprawnych
ŚWIATA 1978 Argentyna 1 Argentyna
99%
ŚWIATA 1986 Meksyk 2 Argentyna
99%
ŚWIATA 2022 Katar 3 Argentyna
99%
ŚWIATA 1958 Szwecja 1 Brazylia
99%
ŚWIATA 1962 Chile 2 Brazylia
99%
ŚWIATA 1970 Meksyk 3 Brazylia
99%
ŚWIATA 1994 USA 4 Brazylia
99%
ŚWIATA 2002 Japonia, Korea Południowa 5 Brazylia
99%
ŚWIATA 1954 Szwajcaria 1 RFN | Niemcy
99%
ŚWIATA 1974 Niemcy Zachodnie 2 RFN | Niemcy
99%
ŚWIATA 1990 Włochy 3 RFN | Niemcy
99%
EUROPY 1972 Belgia 1 RFN | Niemcy
99%
EUROPY 1980 Włochy 2 RFN | Niemcy
99%
ŚWIATA 1930 Urugwaj 1 Urugwaj
99%
ŚWIATA 1950 Brazylia 2 Urugwaj
99%
ŚWIATA 1998 Francja 1 Francja
98%
ŚWIATA 2018 Rosja 2 Francja
98%
EUROPY 1984 Francja 1 Francja
98%
EUROPY 2000 Belgia,Holandia 2 Francja
98%
ŚWIATA 2010 RPA 1 Hiszpania
98%
EUROPY 1964 Hiszpania 1 Hiszpania
98%
EUROPY 2008 Austria,Szwajcaria 2 Hiszpania
98%
EUROPY 2012 Polska,Ukraina 3 Hiszpania
98%
EUROPY 2024 Niemcy 4 Hiszpania
98%
ŚWIATA 2014 Brazylia 4 Niemcy
98%
EUROPY 1996 Anglia 1 Niemcy
98%
ŚWIATA 1934 Włochy 1 Włochy
98%
ŚWIATA 1938 Francja 2 Włochy
98%
ŚWIATA 1982 Hiszpania 3 Włochy
98%
ŚWIATA 2006 Niemcy 4 Włochy
98%
EUROPY 1968 Włochy 1 Włochy
98%
EUROPY 2020 Niemcy i 9 innych państw 2 Włochy
98%
EUROPY 2016 Francja 1 Portugalia
97%
ŚWIATA 1966 Anglia 1 Anglia
96%
EUROPY 2004 Portugalia 1 Grecja
93%
EUROPY 1988 Niemcy Zachodnie 1 Holandia
88%
EUROPY 1992 Szwecja 1 Dania
86%
EUROPY 1960 Francja 1 ZSRR
81%
EUROPY 1976 Jugosławia 1 Czechosłowacja
76%
Nie znaleziono quizów pasujących do podanych kryteriów
Rozkład punktacji
Procent ludzi z każdym wynikiem
Percentyl według liczby udzielonych odpowiedzi
Twoja historia wyników
Nie rozwiązałeś tego quizu od ostatniego zresetowania